Konštrukcie pozemných stavieb. poruchy a rekonštrukcie / III :

Uloženo v:
Podrobná bibliografie
Hlavní autor: Greško, Dušan (Autor)
Médium: Kniha
Jazyk:slovenština
Vydáno: Bratislava : Slovenská technická univerzita v Bratislave, 2007
Vydání:1. vyd.
Témata:
ISBN:9788022725880
On-line přístup: Získat plný text
Tagy: Přidat tag
Žádné tagy, Buďte první, kdo vytvoří štítek k tomuto záznamu!

MARC

LEADER 00000aam a2200000 4500
003 SK-BrCVT
005 20220621163017.0
008 070726s2007 xo e ||||||slo d
020 |a 9788022725880 
035 |a CVTIDW1417858 
040 |b slo  |a CVTI SR  |e AACR2 
041 0 |a slo 
044 |a xo 
080 |a 624.9  |2 UDC-MRF 
100 1 |a Greško, Dušan  |4 aut 
245 1 0 |a Konštrukcie pozemných stavieb.  |n III :  |b poruchy a rekonštrukcie /  |c Autori: Dušan Greško ... [et al.] 
250 |a 1. vyd. 
260 |a Bratislava :  |b Slovenská technická univerzita v Bratislave,  |c 2007 
300 |a 162 s. :  |b grafy, lit., obr., tab. ; 
500 |a Stavebná fakulta Slovenskej technickej univerzity v Bratislave 
653 1 |a sanácia  |a zakladanie stavieb  |a hydroizolácia  |a obvodový plášť  |a tepelný most  |a strecha  |a obklad 
655 4 |a skriptá 
910 |b S602789 - S602798  |b S602790  |b S602791  |b S602792  |b S602793  |b S602794  |b S602795  |b S602796  |b S602797  |b S602798  |b S603179 
919 |a 978-80-227-2588-0 
974 |f Knihy 
992 |a ASK 
999 |c 153837  |d 153837